Города Ингушетии - Statistics

General Stats
  • This quiz has been taken 34 times
  • The average score is 3 of 5
Answer Stats
Население Город % Correct
18 521 Магас
100%
124 086 Назрань
88%
62 525 Сунжа
52%
37 339 Малгобек
52%
43 772 Карабулак
36%
No matching quizzes found
Score Distribution
Percent of People with Each Score
Percentile by Number Answered
Your Score History
You have not taken this quiz